| 000 | 01448nam a22002417a 4500 | ||
|---|---|---|---|
| 999 |
_c1339 _d1339 |
||
| 003 | AR-CdUCM | ||
| 008 | 190226b ||||| |||| 00| 0 spa d | ||
| 040 |
_aMUNICIPALIDAD PROVINCIAL DEL CUSCO _cBIBLIOTECA MUNICIPAL DEL CUSCO |
||
| 041 | _hita | ||
| 082 |
_a345.07 / _bC26 |
||
| 100 |
_aCarnelutti, Francesco _95136 |
||
| 245 |
_aLecciones sobre el proceso penal / _cFrancesco Carnelutti |
||
| 260 |
_aBuenos Aires : _bBosch y cia, _c1950. |
||
| 300 |
_a339 paginas : _c23 cm. |
||
| 505 | _acontiene: v.1 -- De la función del proceso penal -- De la finalidad del proceso penal -- De la prevención del delito -- De las medidas asegurativas directas -- De las medidas coercitivas ... v.2 -- De la estructura del proceso penal -- De la acción penal -- De la acción introductiva -- De la denuncia del delito -- De la demanda del procedimiento -- Del arresto del imputado ... v.3 -- De los actos procesales singulares -- De la consistencia de los actos procesales -- De las variedades de los actos procesales -- Del gobierno procesal ... v.4 -- De la composición del procesamiento -- De la impunidad -- De la reunión de las pruebas --De la formulación de las razones -- De la critica de la decisión ... | ||
| 650 |
_aProceso penal _95137 |
||
| 650 |
_aDelito _95138 |
||
| 650 |
_aCoercitivas _95139 |
||
| 650 |
_aOficio Judiciales _95140 |
||
| 700 |
_aSentís Melendo, Santiago _95141 |
||
| 942 |
_2ddc _cLIBROS |
||
| 945 |
_aacv _d2019-02-26 |
||